| 000 | 00333nam a22001337a 4500 | ||
|---|---|---|---|
| 008 | 170524b xxu||||| |||| 00| 0 eng d | ||
| 020 | _a0998561006 | ||
| 041 | _aeng | ||
| 080 | _a62 | ||
| 100 | _a26 | ||
| 101 | _aIM | ||
| 245 |
_aFUNDAMENTALS OF MACHINE TOOL TECHNOLOGY AND MANUAFACTURING PROCESSES _cOLIVO,C.TH |
||
| 942 |
_2udc _cBK |
||
| 999 |
_c14174 _d14174 |
||